Normal view
MARC view
Entry Topical Term
001 - CONTROL NUMBER
- control field: 29357
003 - CONTROL NUMBER IDENTIFIER
- control field: dpl
005 - DATE AND TIME OF LATEST TRANSACTION
- control field: 20110711102451.0
008 - FIXED-LENGTH DATA ELEMENTS
- fixed length control field: 110711|||a|||||| | ||| d
040 ## - CATALOGING SOURCE
- Original cataloging agency: dpl
- Transcribing agency: dpl
150 ## - HEADING--TOPICAL TERM
- Topical term or geographic name as entry element: Love in literature.
670 ## - SOURCE DATA FOUND
- Source citation: Work cat.: (dpl): Kakar, Sudhir 29356, Tales of love, sex, and danger /, 2011
670 ## - SOURCE DATA FOUND
- Source citation: Work cat.: (dpl): Kakar, Sudhir 29356, Tales of love, sex, and danger /, 2011
